Antike Astronomie : aus Griechischen und Lateinischen /

Spremljeno u:
Bibliografski detalji
Glavni autor: Balss, Heinrich (autor)
Format: Knjiga
Jezik:German
Izdano: Munich, Alemania : Ernst Heimeran, 1949, c1949
Oznake: Dodaj oznaku
Bez oznaka, Budi prvi tko označuje ovaj zapis!

MARC

LEADER 00000nam^a2200000^a^4500
001 000584354
005 20250526000000.0
009 20260310132708.837
037 |a Acervo ITESO - Biblioteca 
041 |a ALE 
091 |a FCO. 00835 
100 |a Balss, Heinrich  |e (autor) 
245 1 0 |a Antike Astronomie :  |b aus Griechischen und Lateinischen / 
264 4 |a Munich, Alemania :  |b Ernst Heimeran,  |c 1949, c1949 
300 |a 310 p. ;  |c 18.0 cm. 
336 |a texto  |b txt  |2 rdacontenido 
337 |a sin mediación  |b n  |2 rdamedio 
338 |a volumen  |b nc  |2 rdasoporte 
649 |a XX 
910 |a Fondo Erich Coufal Kieswetter 
920 |a Impresos - Libros 
930 |a Libros Antiguos y Raros 
905 |a 142 
901 |a 0500412523  |b IT2  |c LRA  |i D  |u 20250526 
902 |a https://opac.biblio.iteso.mx/vufind/Record/000584354